Smrť búrliváka tušil Ivan Hlinka, aký osud ho čaká?

Bibliographic Details
Main Author: (SHI) (Author)
Format: Article
Language:Slovak
PhysicalDescription:Fotogr.
ISSN:0139-6323
Subjects:

MARC

LEADER 00000nab a2200000 a 4500
001 vtls000883694
003 SK-MaSNL
005 20260302165540.0
008 160321c2004 xo 0 slo
015 |a SNBRB2004/09-25802 
035 |a CLN000235164 
040 |a SNKBUCL  |b slo  |c SNKBUCL  |e AACR2 
041 0 |a slo 
044 |a xo  |c SK 
080 |a 796.966.071  |2 UDC-MRF-SK2 
080 |a 929 Hlinka, Ivan  |2 UDC-MRF-SK2 
100 0 |a (SHI)  |4 aut  |9 870311 
245 1 0 |a Smrť búrliváka  |b tušil Ivan Hlinka, aký osud ho čaká?  |c [autor] (SHI) 
300 |b Fotogr. 
600 1 7 |a Hlinka, Ivan,  |d 1950-2004  |2 snkbucl  |9 27484 
655 7 |a články z novín a časopisov  |2 snkbucl  |9 267496 
773 0 |x 0139-6323  |t Život  |g Roč. 54, č. 35 (2004), s. 14-16 
850 |a Slovenská národná knižnica v Martine 
852 |a SNK  |b KIS3GCP 
958 |a BC 
958 |a CZ 
958 |a RBX 
999 |c 1390331  |d 1392261